[Event "Gligoric Cup 2013"]
[Site "Banja Koviljaca SRB"]
[Date "2013.05.22"]
[Round "3.4"]
[White "Vratonjic,S"]
[Black "Biljanic,L"]
[Result "1-0"]
[WhiteElo "2397"]
[BlackElo "2347"]

1.e4 d6 2.d4 Nf6 3.Nc3 c6 4.f4 Qa5 5.Bd3 e5 6.dxe5 dxe5 7.f5 Nbd7 8.Nf3 Bc5
9.Qe2 b5 10.Bd2 Qc7 11.O-O-O a5 12.g4 Nxg4 13.Qg2 Ngf6 14.Qxg7 Rg8 15.Qh6 Ba6
16.Bg5 Be7 17.Rhg1 O-O-O 18.a4 Qb6 19.axb5 cxb5 20.Be3 Qb7 21.Kb1 Rxg1 22.Rxg1 b4
23.Nd5 Bf8 24.Bxa6 Qxa6 25.Qh4 b3 26.Rc1 Kb8 27.c4 Qc6 28.Nxe5 Nxe5 29.Bf4 Qa4
30.Bxe5+ Bd6  1-0

[Event "22nd TCh-CRO Cup 2013"]
[Site "Bol na Bracu CRO"]
[Date "2013.05.22"]
[Round "1.61"]
[White "Bender,I"]
[Black "Jovanovic,Zo CRO"]
[Result "1/2-1/2"]
[WhiteElo "2276"]
[BlackElo "2529"]

1.e4 d6 2.d4 Nf6 3.Nc3 e5 4.Nf3 Nbd7 5.Bc4 Be7 6.O-O O-O 7.Re1 a6 8.a4 b6
9.Nd5 Bb7 10.Nxf6+ Bxf6 11.c3 Re8 12.Qb3 Qe7 13.Bd5 c6 14.Bc4 b5 15.Bf1 Qd8
16.Bd2 Qc7 17.Rad1 Nb6 18.axb5 cxb5 19.Bd3 Rac8 20.Qa2 h6 21.d5 Qb8 22.Ra1 Bd8
23.Qb1 Nd7 24.Qd1 Nc5 25.Bc2 Rc7 26.Qe2 Rf8 27.Reb1 Nd7  1/2-1/2

[Event "Gligoric Cup 2013"]
[Site "Banja Koviljaca SRB"]
[Date "2013.05.23"]
[Round "4.1"]
[White "Bogosavljevic,B"]
[Black "Popovic,Du"]
[Result "1/2-1/2"]
[WhiteElo "2549"]
[BlackElo "2558"]

1.d4 d6 2.e4 Nf6 3.Nc3 e5 4.Nf3 Nbd7 5.g4 h6 6.g5 hxg5 7.Nxg5 exd4 8.Qxd4 Ne5
9.Be2 Nh7 10.Nxh7 Rxh7 11.Bf4 c6 12.O-O-O Be6 13.Nb5 cxb5 14.Bxe5 a6 15.Bg3 Rc8
16.f4 Qc7 17.Bd3 Qc5 18.Qxc5 dxc5 19.Be2 Rd8 20.f5 Rxd1+ 21.Rxd1 Bd7 22.Bg4 f6
23.Kd2 Bc6 24.Ke3 c4 25.h3 Bc5+ 26.Kf3 Ke7 27.Bf4 Rh8 28.Kg3 Re8 29.e5 fxe5
30.Bxe5 Kf8 31.Kf4 Be7 32.Bd6 Bxd6+ 33.Rxd6 c3 34.bxc3 Re4+ 35.Kg5 Be8 36.Rd8 Ke7
37.Rb8 Rc4 38.Rxb7+ Kf8 39.Rb8 Ke7 40.Rb7+ Kf8 41.Rb6 Rxc3 42.Rxa6 Rxc2 43.a3 Rc4
44.h4 b4 45.axb4 Rxb4 46.h5 Rb7 47.Ra8 Rb6 48.f6 gxf6+ 49.Kh4 Ke7 50.Ra7+ Kf8
51.h6 Bg6 52.Ra8+ Kf7 53.Bh5 Rb4+ 54.Kg3 Rb3+ 55.Kf2 Rb2+ 56.Ke3 Rh2 57.Ra7+ Ke6
58.Bxg6 Rxh6 59.Ra6+ Ke5 60.Bh5 Rh7 61.Ra5+ Kd6 62.Kd4 Rc7 63.Bf3 f5 64.Rxf5 Ke6
65.Bg4 Ke7 66.Rf2 Kd8 67.Ke5 Ke7 68.Bf3 Rc5+ 69.Bd5 Rc7 70.Rf7+ Kd8 71.Rf8+ Ke7
72.Rg8 Kd7 73.Rg6 Kd8 74.Rg8+ Ke7 75.Rg6 Kd8 76.Be6 Ke7 77.Rh6 Rc5+ 78.Bd5 Rc7
79.Bc6 Kd8 80.Rh8+ Ke7 81.Rh6 Kd8 82.Kd6 Rd7+ 83.Kc5 Rg7 84.Re6 Re7 85.Rf6 Rg7
86.Kd6 Rd7+ 87.Bxd7  1/2-1/2

[Event "22nd TCh-CRO Cup 2013"]
[Site "Bol na Bracu CRO"]
[Date "2013.05.23"]
[Round "2.91"]
[White "Videnova,I"]
[Black "Dimitrijevic,Da"]
[Result "1/2-1/2"]
[WhiteElo "2316"]
[BlackElo "2258"]

1.e4 d6 2.d4 Nf6 3.Nc3 c6 4.f4 Qa5 5.Bd3 e5 6.Nf3 Nbd7 7.O-O Be7 8.Kh1 O-O
9.a3 Re8 10.Ne2 Bf8 11.Ng3 exd4 12.Nxd4 a6 13.b4 Qc7 14.Bb2 c5 15.Nf3 c4
16.e5 c3 17.Bxc3 Qxc3 18.exf6 Nxf6 19.Ng5 d5 20.Qf3 Qc6 21.Nh5 h6 22.Nxf6+ Qxf6
23.Nh7 Qc6 24.Nxf8 Kxf8 25.Rad1 Bd7 26.h3 Rac8 27.Rf2 Re7 28.Bf1 Qb6 29.Rfd2 Re3
30.Qf2 Rcc3 31.Kg1 Bc6 32.Rd3 Rexd3 33.Qxb6 Rxd1 34.Qd8+ Be8 35.Qd6+ Kg8
36.Qd8 Kf8 37.Qd6+ Kg8 38.Qd8 Kf8 39.Qd6+ Kg8  1/2-1/2

[Event "22nd TCh-CRO Cup 2013"]
[Site "Bol na Bracu CRO"]
[Date "2013.05.23"]
[Round "3.94"]
[White "Deur,Z"]
[Black "Bosnjak,Petar"]
[Result "1/2-1/2"]
[WhiteElo "2119"]
[BlackElo "2095"]

1.e4 d6 2.d4 Nf6 3.Nc3 e5 4.Nf3 Nbd7 5.Be2 Be7 6.O-O O-O 7.a4 c6 8.h3 a5
9.b3 d5 10.exd5 e4 11.Ne5 cxd5 12.Bf4 Re8 13.Nb5 Nf8 14.c4 Ne6 15.Bg3 Bd7
16.Nxd7 Qxd7 17.Qd2 b6 18.Rac1 Rac8 19.Rfd1 Nd8 20.Be5 Nc6 21.Bxf6 Bxf6 22.Bg4 Re6
23.Bxe6 fxe6 24.Qf4 Rf8 25.Qg4 h5 26.Qxh5 Nb4 27.Qg6 Nd3 28.Rxd3 exd3 29.Qxd3  1/2-1/2

[Event "Chicago Open 2013"]
[Site "Wheeling USA"]
[Date "2013.05.24"]
[Round "2.19"]
[White "Wu,Christopher"]
[Black "Finegold,B"]
[Result "0-1"]
[WhiteElo "2199"]
[BlackElo "2505"]

1.e4 d6 2.d4 Nf6 3.Nc3 e5 4.Nf3 Nbd7 5.Bc4 Be7 6.Ng5 O-O 7.Bxf7+ Rxf7 8.Ne6 Qe8
9.Nxc7 Qd8 10.Nxa8 b6 11.Be3 Ba6 12.Nxb6 Qxb6 13.b3 d5 14.dxe5 Bb4 15.Bxb6 Bxc3+
16.Qd2 Bxd2+ 17.Kxd2 Nxe4+ 18.Ke3 Nxb6 19.f4 Nc3 20.g3 Rd7 21.Rae1 d4+ 22.Kd2 Bb7
23.Rhf1 Bg2 24.Rg1 Be4 25.g4 Re7 26.Rxe4 Nxe4+ 27.Kd3 Nc3 28.Re1 Nxa2 29.Kxd4 Nb4
30.Re2 Rd7+ 31.Kc5 Nxc2 32.Re4 Kf8 33.h4 Ke7 34.f5 Rd5+ 35.Kc6 Nd4+ 36.Kb7 Rd7+
37.Ka6 Nxb3 38.Kb5 Rd5+ 39.Kc6 Na5+  0-1

[Event "22nd TCh-CRO Cup 2013"]
[Site "Bol na Bracu CRO"]
[Date "2013.05.25"]
[Round "5.11"]
[White "Saric,Iv"]
[Black "Jovanovic,Zo CRO"]
[Result "1/2-1/2"]
[WhiteElo "2622"]
[BlackElo "2529"]

1.e4 d6 2.d4 Nf6 3.Nc3 e5 4.Nf3 Nbd7 5.Rg1 g6 6.g4 Bg7 7.g5 Nh5 8.Be3 O-O
9.Qd2 c6 10.O-O-O Qa5 11.Kb1 Re8 12.a3 a6 13.Be2 b5 14.Ne1 Qc7 15.dxe5 dxe5
16.Bxh5 gxh5 17.Ne2 Nb6 18.Qa5 c5 19.Ng3 Qc6 20.Nxh5 Nc4 21.Qc3 Qxe4 22.Bxc5 Bf5
23.Ng3 Qg4 24.f3 Qh3 25.Nd3 e4 26.Qxg7+ Kxg7 27.Nf4 Qxg3 28.Rxg3 exf3 29.Nh5+ Kg6
30.Nf4+ Kg7 31.b3 Ne3 32.Nh5+ Kh8 33.Bd4+ Kg8 34.Nf6+ Kf8 35.Bc5+ Kg7 36.Nxe8+ Rxe8
37.Bxe3 Rxe3 38.Rf1 Be4 39.Rg4 Rxb3+ 40.Kc1 Re3 41.Rf2 Bc6 42.Kb2 Kg6 43.Rd2 Be4
44.Rd6+ Kf5 45.Rg3 Re2 46.Rf6+ Ke5 47.Rgxf3 Bxf3  1/2-1/2

[Event "Gligoric Cup 2013"]
[Site "Banja Koviljaca SRB"]
[Date "2013.05.26"]
[Round "7.3"]
[White "Rabrenovic,V"]
[Black "Ivanisevic,I"]
[Result "0-1"]
[WhiteElo "2406"]
[BlackElo "2655"]

1.d4 d6 2.e4 Nf6 3.Nc3 e5 4.dxe5 dxe5 5.Qxd8+ Kxd8 6.Bc4 Ke8 7.Nf3 Bd6 8.Bg5 Nbd7
9.O-O-O a6 10.Rhe1 h6 11.Bh4 Kf8 12.h3 g6 13.Bb3 Kg7 14.Nd5 Nxd5 15.Bxd5 Re8
16.Bg3 Nf6 17.Bb3 b5 18.Nd2 Nh5 19.Nf1 Nxg3 20.Nxg3 Bc5 21.Re2 c6 22.Rd3 Ra7
23.a3 Rc7 24.f3 a5 25.Red2 Be7 26.Kb1 a4 27.Ba2 Rb7 28.c3 h5 29.Rd1 Rf8 30.Ka1 Rc7
31.Nf1 Kh6 32.Ne3 Kg5 33.Nc2 f5 34.exf5 Bxf5 35.R3d2 Kf4 36.Re1 Bh4 37.Red1 Rcc8
38.Nb4 Kg3 39.Re2 Rfe8 40.Bb1 Re6 41.Be4 Be7 42.Rd3 Rf8 43.Rdd2 Bxb4 44.axb4 Bxe4
45.Rxe4 Rf4 46.Re3 Rc4 47.b3 axb3 48.Kb2 Kf4 49.Rde2 Rd6 50.Kxb3 Rd1 51.Rxe5 Rb1+
52.Kc2 Rbxb4 53.Re6 g5 54.Rf6+ Kg3 55.Rg6 Kh4 56.Re5 Ra4 57.Kb3 Ra1 58.Rgxg5 Rc1
59.Rxh5+ Kg3 60.Rhg5+ Kf2 61.h4 R1xc3+ 62.Kb2 Rc2+ 63.Kb3 c5 64.Rxc5 R2c3+
65.Kb2 Rxc5 66.f4 Rxg5 67.fxg5 Re3  0-1

[Event "22nd TCh-CRO Cup 2013"]
[Site "Bol na Bracu CRO"]
[Date "2013.05.26"]
[Round "6.33"]
[White "Leventic,I"]
[Black "Grandic,Z"]
[Result "1-0"]
[WhiteElo "2443"]
[BlackElo "2207"]

1.e4 d6 2.d4 Nf6 3.Nc3 e5 4.Nf3 exd4 5.Nxd4 c5 6.Nf3 Be7 7.Bf4 Nh5 8.Be3 Nc6
9.Qd2 O-O 10.O-O-O Qa5 11.Kb1 Be6 12.Nd5 Bxd5 13.Qxa5 Nxa5 14.exd5 Nf6 15.a3 b6
16.Ba6 Rab8 17.Rhe1 b5 18.Bxc5 dxc5 19.Rxe7 Rb6 20.Rxa7 Rd8 21.Ne5 h6 22.c4 bxc4
23.Bxc4 Nb7 24.Nc6 Rd7 25.a4 Nd6 26.Rxd7 Nxd7 27.a5 Rb7 28.a6 Rc7 29.b3 Nb6
30.Kc2 Kf8 31.Ra1 Ke8 32.Ra5 Ndxc4 33.bxc4 Kd7 34.a7 Rc8 35.Rxc5 Kd6 36.Rb5  1-0

[Event "ZANOS 2013"]
[Site "Novi Sad/Vukovar SRB/CRO"]
[Date "2013.05.26"]
[Round "1.4"]
[White "Colovic,A"]
[Black "Rabrenovic,V"]
[Result "1/2-1/2"]
[WhiteElo "2488"]
[BlackElo "2406"]

1.e4 d6 2.d4 Nf6 3.Nc3 e5 4.Nf3 Nbd7 5.Bc4 Be7 6.O-O O-O 7.a4 a5 8.Re1 c6
9.h3 Nb6 10.Ba2 Nfd7 11.Be3 exd4 12.Qxd4 Nc5 13.Rad1 Be6 14.Bxe6 fxe6 15.e5 d5
16.Qg4 Qe8 17.Nd4 Qf7 18.b3 Nbd7 19.f4 h5 20.Qg3 Na6 21.Rf1 Nc7 22.Bc1 Rae8
23.Nce2 Nc5 24.Nc3 Nd7 25.Nce2 c5 26.Nf3 Qf5 27.Rd3 Qe4 28.Nc3 Qf5 29.Ne2 Qe4
30.Nc3 Qf5 31.Ne2 Qe4 32.Nc3  1/2-1/2

[Event "TCh-SUI 2013"]
[Site "Switzerland SUI"]
[Date "2013.05.26"]
[Round "3.6"]
[White "Rindlisbacher,L"]
[Black "Paleologu,V"]
[Result "1-0"]
[WhiteElo "2352"]
[BlackElo "2160"]

1.d4 d6 2.e4 Nf6 3.Nc3 Nbd7 4.Nf3 e5 5.Bc4 Be7 6.O-O c6 7.a4 Qc7 8.h3 h6
9.Be3 Nf8 10.a5 Rg8 11.dxe5 dxe5 12.Nh4 Ng4 13.hxg4 Bxh4 14.Qe2 Bg5 15.Bxg5 hxg5
16.Rfd1 Be6 17.Rd2 Rd8 18.Rxd8+ Qxd8 19.a6 b6 20.Rd1 Qc8 21.Rd6 Ke7 22.Rd2 Bxg4
23.Qe3 Be6 24.Be2 f6 25.Qd3 Qc7 26.b4 Ng6 27.Nd5+ cxd5 28.exd5 Bxd5 29.Qxd5 Rd8
30.Qb7 Rd7 31.Bf3 Kd8 32.Qa8+ Ke7 33.Rxd7+ Qxd7 34.Bc6  1-0

[Event "Chicago Open 2013"]
[Site "Wheeling USA"]
[Date "2013.05.26"]
[Round "6.25"]
[White "Griggs,Walker K"]
[Black "Young,An"]
[Result "1-0"]
[WhiteElo "2202"]
[BlackElo "2330"]

1.e4 d6 2.d4 Nf6 3.Nc3 c6 4.f4 Qa5 5.e5 Ne4 6.Bd3 d5 7.Bxe4 dxe4 8.Ne2 f5
9.exf6 exf6 10.Bd2 Qb6 11.Nxe4 Qxb2 12.N2c3 Be7 13.Rb1 Qa3 14.Qh5+ g6 15.Qh6 Bf8
16.Nxf6+ Kf7 17.Qg5 Be7 18.Nce4 Nd7 19.f5 Rg8 20.Nxd7 Bxg5 21.Nxg5+ Kg7 22.f6+ Kh6
23.g4 Re8+ 24.Kf2  1-0

[Event "Hungarian National Open 2013"]
[Site "Zalakaros HUN"]
[Date "2013.05.26"]
[Round "5"]
[White "Marosi,Le"]
[Black "Varga,Zo"]
[Result "1/2-1/2"]
[WhiteElo "2035"]
[BlackElo "2470"]

1.e4 d6 2.d4 Nf6 3.Nc3 Nbd7 4.f3 e5 5.Nge2 c6 6.Be3 b5 7.d5 Bb7 8.dxc6 Bxc6
9.Ng3 Qa5 10.a3 Rb8 11.Qd2 b4 12.Nd5 Bxd5 13.exd5 Nxd5 14.Bxa7 Ra8 15.Bc4 Nf4
16.Be3 d5 17.Bxf4 dxc4 18.Be3 c3 19.bxc3 bxa3 20.O-O Bc5 21.Nf5 Bxe3+ 22.Qxe3 O-O
23.Rfd1 Qc7 24.Qg5 g6 25.Nh6+ Kg7 26.Nf5+ Kg8 27.Nh6+ Kg7 28.Nf5+  1/2-1/2

[Event "ch-Africa Open 2013"]
[Site "Tunis TUN"]
[Date "2013.05.27"]
[Round "9.5"]
[White "Sarwat,W"]
[Black "Solomon,K"]
[Result "0-1"]
[WhiteElo "2335"]
[BlackElo "2406"]

1.e4 d6 2.d4 Nf6 3.Nc3 e5 4.Nf3 Nbd7 5.Bc4 Be7 6.O-O O-O 7.dxe5 dxe5 8.Qe2 c6
9.Rd1 Qc7 10.a4 a5 11.Bg5 Nc5 12.Bh4 Nh5 13.Nxe5 Nf4 14.Qe3 Nxg2 15.Kxg2 Qxe5
16.f4 Qc7 17.Bg3 Qb6 18.f5 Nxa4 19.Qf3 Nxc3 20.bxc3 Qc5 21.Bb3 Bf6 22.Rd3 Be5
23.Rad1 b6 24.Qh5 Bxg3 25.Bxf7+ Rxf7 26.Rd8+ Rf8 27.hxg3 Bxf5 28.Rxf8+ Rxf8
29.exf5 Qxf5 30.Qe2 h6 31.Rd6 Kh8 32.c4 Qc5 33.Rd7 b5 34.cxb5 cxb5 35.Qd2 Qc6+
36.Kh3 Qh1+ 37.Kg4 Qf3+ 38.Kh3 Qf1+ 39.Kh4 Qh1+ 40.Kg4 h5+ 41.Kg5 Qh3 42.Qd4 Qxg3+
43.Kxh5 Rf5+  0-1

[Event "ch-Africa Open 2013"]
[Site "Tunis TUN"]
[Date "2013.05.27"]
[Round "9.12"]
[White "Taeib,S"]
[Black "Elarbi,A"]
[Result "0-1"]
[WhiteElo "2134"]
[BlackElo "2272"]

1.e4 d6 2.d4 Nf6 3.Nc3 Nbd7 4.Be3 e5 5.d5 Be7 6.Qd2 Ng4 7.Nf3 Nxe3 8.Qxe3 O-O
9.Bc4 a6 10.a4 b6 11.O-O a5 12.Ne2 Bf6 13.Ng3 g6 14.c3 Bg7 15.Rfd1 h6 16.Bd3 Nf6
17.Nd2 h5 18.h3 h4 19.Ne2 Nh5 20.Bc2 Kh7 21.f3 Bh6 22.Qf2 Bxd2 23.Rxd2 Qg5
24.Rd3 f5 25.f4 Nxf4 26.Nxf4 exf4 27.Rf3 fxe4 28.Bxe4 Ba6 29.Bd3 Bxd3 30.Rxd3 Rae8
31.Rf1 Qh5 32.Rf3 g5 33.Qd4 Qg6 34.b4 Re4 35.Qd3 Ra8 36.Qb5 Qe8 37.Qd3 Kg7
38.b5 Qe5 39.Qd1 Re8 40.R3f2 Re2 41.Rxe2 Qxe2 42.Qd4+ Re5 43.Rf3 Qe4 44.Rd3 Kg6
45.Kh2 Kf5 46.Rd1 Qxd4 47.Rxd4 Re4 48.Rd1 Rxa4 49.Kg1 Rc4 50.Kf2 Rxc3 51.Re1 a4
52.Re8 a3  0-1

[Event "ZANOS 2013"]
[Site "Novi Sad/Vukovar SRB/CRO"]
[Date "2013.05.28"]
[Round "4.1"]
[White "Martorelli,A"]
[Black "Rabrenovic,V"]
[Result "1/2-1/2"]
[WhiteElo "2231"]
[BlackElo "2406"]

1.e4 d6 2.d4 Nf6 3.Nc3 e5 4.Nf3 Nbd7 5.Bc4 Be7 6.O-O O-O 7.Re1 c6 8.a4 h6
9.Ba2 Re8 10.h3 Qc7 11.Be3 Bf8 12.Nh4  1/2-1/2

[Event "ZANOS 2013"]
[Site "Novi Sad/Vukovar SRB/CRO"]
[Date "2013.05.30"]
[Round "8.3"]
[White "Adam,V"]
[Black "Rabrenovic,V"]
[Result "1/2-1/2"]
[WhiteElo "2407"]
[BlackElo "2406"]

1.e4 d6 2.d4 Nf6 3.Nc3 e5 4.dxe5 dxe5 5.Bg5 Qxd1+ 6.Rxd1 Bb4 7.Bxf6 Bxc3+
8.bxc3 gxf6 9.Ne2 Be6 10.a3 Nd7 11.Ng3 Nc5  1/2-1/2

[Event "French Top 12 2013"]
[Site "Haguenau FRA"]
[Date "2013.05.31"]
[Round "2.4"]
[White "Vachier Lagrave,M"]
[Black "Delchev,A"]
[Result "1-0"]
[WhiteElo "2718"]
[BlackElo "2622"]

1.e4 d6 2.d4 Nf6 3.Nc3 e5 4.Nf3 Nbd7 5.Bc4 Be7 6.O-O Nb6 7.Qd3 exd4 8.Nxd4 O-O
9.Bb3 Nfd7 10.Bf4 Nc5 11.Qf3 Bf6 12.Rad1 Bd7 13.Rfe1 Re8 14.Bg3 Nxb3 15.axb3 Qe7
16.Re3 Be5 17.Qe2 Qf6 18.Ndb5 Bxg3 19.hxg3 Qd8 20.Nd4 a6 21.Qd2 Qf6 22.Rde1 Rad8
23.Nf3 Be6 24.Rd3 Nd7 25.Qf4 Qxf4 26.gxf4 Nb6 27.f5 Bd7 28.g4 h6 29.Kg2 f6
30.Kg3 Re7 31.Rde3 Rde8 32.Nh4 Bc6 33.Ng6 Rd7 34.f4 Rdd8 35.e5 dxe5 36.fxe5 fxe5
37.Rxe5 Rxe5 38.Rxe5 Nc8 39.Re2 Rd4 40.Nf4 Kf7 41.Ne6 Rd7 42.Na2 Ne7 43.Nb4 Bb5
44.c4 a5 45.Nc2 Bc6 46.Ncd4 b6 47.Kf4 Kf6 48.Ke3 Bb7 49.Rh2 c5 50.Ne2 Nc6
51.N2f4 Ne5 52.Nh5+ Kf7 53.Kf4 Nd3+ 54.Kg3 g6 55.Nhf4 gxf5 56.Rxh6 Nxf4 57.Nxf4 fxg4
58.Kxg4 Be4 59.Rxb6 Rd2 60.Ne6 Bc2 61.Nxc5 Bd1+ 62.Kf5 Rf2+ 63.Ke5 Rxb2 64.Rb5 Ra2
65.Kd6 Ra1 66.Kc6 Rc1 67.Kd5 Ra1 68.Rb6 Rb1 69.Ra6 Bxb3 70.Nxb3 Rxb3 71.Rxa5 Ke7
72.Kc6 Rc3 73.c5 Kd8 74.Ra8+ Ke7 75.Rc8 Rh3 76.Kc7 Ke6 77.Rd8  1-0

[Event "French Top 12 2013"]
[Site "Haguenau FRA"]
[Date "2013.06.01"]
[Round "3.7"]
[White "Debray,C"]
[Black "Taddei,B"]
[Result "0-1"]
[WhiteElo "2356"]
[BlackElo "2374"]

1.e4 d6 2.d4 Nf6 3.Nc3 e5 4.Nf3 Nbd7 5.Bc4 Be7 6.O-O O-O 7.Re1 c6 8.a4 exd4
9.Nxd4 Ne5 10.Bf1 Re8 11.a5 Qc7 12.h3 Ng6 13.Be3 Bf8 14.Bg5 Nd7 15.Qd2 h6
16.Be3 Nf6 17.f3 Bd7 18.Bf2 b5 19.Bg3 Rad8 20.Bh2 a6 21.g4 Bc8 22.Nf5 Ne5
23.Qf2 b4 24.Na4 c5 25.Nb6 Bb7 26.Ne3 d5 27.Nexd5 Nxd5 28.Nxd5 Bxd5 29.exd5 c4
30.Kh1 Bc5 31.Qe2 Bd6 32.f4 Ng6 33.Qxe8+ Rxe8 34.Rxe8+ Kh7 35.f5 Nh4 36.Bxd6 Qxd6
37.Rd1 Qg3 38.Re2 Nf3  0-1

[Event "Mitropa Cup 2013"]
[Site "Meissen GER"]
[Date "2013.06.01"]
[Round "1.5"]
[White "Bailet,P"]
[Black "Mogranzini,R"]
[Result "1/2-1/2"]
[WhiteElo "2462"]
[BlackElo "2509"]

1.e4 d6 2.d4 Nf6 3.Nc3 e5 4.Nf3 Nbd7 5.Bc4 Be7 6.O-O O-O 7.Re1 c6 8.a4 a5
9.h3 Nb6 10.Bf1 exd4 11.Nxd4 d5 12.e5 Ne8 13.Bf4 g6 14.Bh6 Ng7 15.Qf3 Bg5
16.Bxg5 Qxg5 17.Rad1 Nd7 18.Qg4 Qxg4 19.hxg4 Nc5 20.Be2 Nge6 21.g3 Nxd4 22.Rxd4 f6
23.exf6 Rxf6 24.f4 Re6 25.Kf2 Bd7 26.Bf3 Rxe1 27.Kxe1 Re8+ 28.Kf2 Kg7 29.b3 g5
30.Ne2 Rf8 31.Rd1 Bc8  1/2-1/2

[Event "Grand Europe Open Albena"]
[Site "Albena BUL"]
[Date "2013.06.02"]
[Round "2.26"]
[White "Dolzhikova,K"]
[Black "Zarkua,D"]
[Result "1/2-1/2"]
[WhiteElo "2301"]
[BlackElo "2441"]

1.e4 d6 2.d4 Nf6 3.Nc3 c6 4.a4 g6 5.Nf3 Bg7 6.Be2 O-O 7.O-O Bg4 8.h3 Bxf3
9.Bxf3 Nbd7 10.Be3 Qc7 11.Be2 e6 12.d5 exd5 13.exd5 Nb6 14.dxc6 bxc6 15.a5 Nbd7
16.b4 d5 17.Bd4 Rfe8 18.Rb1 Nf8 19.b5  1/2-1/2

[Event "French Top 12 2013"]
[Site "Haguenau FRA"]
[Date "2013.06.02"]
[Round "4.4"]
[White "Picard,Ro"]
[Black "Marcelin,C"]
[Result "1/2-1/2"]
[WhiteElo "2342"]
[BlackElo "2488"]

1.e4 d6 2.d4 Nf6 3.Nc3 e5 4.Nf3 Nbd7 5.Be2 c6 6.a4 Qc7 7.O-O Be7 8.h3 Nf8
9.Be3 Ng6 10.Qb1 O-O 11.a5 d5 12.Nxe5 dxe4 13.Nxg6 hxg6 14.Qa2 Qd6 15.Rfd1 Be6
16.Bc4 Bd5 17.Nxd5 Nxd5 18.Bxd5 cxd5 19.c4 f5 20.c5 Qd7 21.Bf4 a6 22.b4 g5
23.Bd6 Bxd6 24.Qxd5+ Rf7 25.cxd6 Rd8 26.Rac1 Qxd6 27.Qb3 Qd5 28.Qb2 Rfd7
29.Rc5 Qf7 30.Qc3 Kh7 31.Qe3 Kg6 32.g4 Rd5 33.Rdc1 Qe6 34.gxf5+ Qxf5 35.Rxd5 Rxd5
36.Rc5 Kf6 37.Qb3 Rxc5 38.dxc5 Qe6 39.Qc3+ Qe5 40.Qd2 Ke7 41.Kg2 Ke8 42.Kg1 Qa1+
43.Kg2 Qe5  1/2-1/2

[Event "French Top 12 2013"]
[Site "Haguenau FRA"]
[Date "2013.06.02"]
[Round "4.1"]
[White "Bauer,Ch"]
[Black "Delchev,A"]
[Result "1/2-1/2"]
[WhiteElo "2638"]
[BlackElo "2622"]

1.e4 d6 2.d4 Nf6 3.Nc3 e5 4.Nf3 Nbd7 5.Bc4 Be7 6.O-O Nb6 7.Be2 exd4 8.Nxd4 O-O
9.a4 a5 10.Bf4 c6 11.Bg3 d5 12.exd5 Nbxd5 13.Nxd5 Nxd5 14.Bf3 Bf6 15.c3 Ne7
16.Re1 Nf5 17.Nxf5 Bxf5 18.Qb3 Qc8 19.Bd6 Be6 20.Rxe6  1/2-1/2

[Event "French Top 12 2013"]
[Site "Haguenau FRA"]
[Date "2013.06.02"]
[Round "4.5"]
[White "David,Alb"]
[Black "Williams,Si1"]
[Result "1-0"]
[WhiteElo "2584"]
[BlackElo "2511"]

1.e4 d6 2.d4 Nf6 3.Nc3 Nbd7 4.Nf3 e5 5.Bc4 Be7 6.O-O c6 7.a4 Qc7 8.Re1 h6
9.b3 Nf8 10.Nh4 g6 11.d5 N6h7 12.Nf3 Ng5 13.Nd2 h5 14.Be2 f5 15.exf5 Bxf5
16.Nc4 Nfh7 17.Bd3 O-O 18.Bxf5 Rxf5 19.dxc6 Qxc6 20.Nd5 Bf8 21.Nce3 Rf7 22.Qd3 e4
23.Qc4 Rc8 24.Bb2 Qd7 25.Qe2 Bg7 26.Bxg7 Kxg7 27.h4 Nf3+ 28.gxf3 exf3 29.Qf1 Re8
30.Qb5 Qc8 31.Qxe8 Qxe8 32.Nf5+ Rxf5 33.Rxe8 Rxd5 34.Rae1 Kf6 35.R1e7 Nf8
36.Re3  1-0

[Event "6th Mayors Cup 2013"]
[Site "Mumbai IND"]
[Date "2013.06.02"]
[Round "7"]
[White "Kiran,M"]
[Black "Gokhale,C"]
[Result "1/2-1/2"]
[WhiteElo "2195"]
[BlackElo "2284"]

1.e4 d6 2.d4 Nf6 3.Nc3 e5 4.Nf3 Nbd7 5.Bc4 Be7 6.O-O O-O 7.h3 c6 8.a4 b6
9.Ba2 a6 10.Re1 Qc7 11.Bg5 h6 12.Be3 Re8 13.Qd2 Nf8 14.Rad1 b5 15.Qd3 Ng6
16.Ne2  1/2-1/2

[Event "2nd Server24 Open"]
[Site "Ortisei ITA"]
[Date "2013.06.02"]
[Round "2.10"]
[White "Krulich,R"]
[Black "Hambleton,A"]
[Result "0-1"]
[WhiteElo "2229"]
[BlackElo "2461"]

1.e4 d6 2.d4 Nf6 3.Nc3 e5 4.Nge2 c6 5.f3 h5 6.dxe5 dxe5 7.Qxd8+ Kxd8 8.Bg5 Kc7
9.O-O-O Be6 10.Kb1 Nbd7 11.Nc1 Bb4 12.Bd2 Bd6 13.Nd3 h4 14.Be2 Nh5 15.Be3 Nf4
16.g3 Nxe2 17.Nxe2 f6 18.Nc3 b5 19.f4 Bg4 20.Rdf1 b4 21.Na4 Be2 22.Re1 Bf3
23.Rhg1 Bxe4 24.fxe5 Nxe5 25.Nxe5 Bxe5 26.Bf4 Bxf4 27.Rxe4 Bd6 28.gxh4 Rh7
29.Reg4 Bf8 30.b3 Re8 31.R1g2 Re1+ 32.Kb2 Rh5 33.c3 a5 34.cxb4 axb4 35.Rc2 Rd5
36.Rgc4 Bd6 37.Rxc6+ Kd8 38.Rg2 Be5+ 39.Kc2 Ra1 40.Rxg7 Rxa2+ 41.Kc1 Ra1+
42.Kc2 Rdd1  0-1

[Event "43rd Open A Bosna 2013"]
[Site "Sarajevo BIH"]
[Date "2013.06.02"]
[Round "3.5"]
[White "Tomic,Bos"]
[Black "Predojevic,B"]
[Result "1/2-1/2"]
[WhiteElo "2430"]
[BlackElo "2616"]

1.e4 d6 2.d4 Nf6 3.Nc3 e5 4.Nf3 Nbd7 5.Bc4 Be7 6.O-O O-O 7.Re1 c6 8.a4 a5
9.b3 Nb6 10.Bf1 exd4 11.Nxd4 d5 12.e5 Ne8 13.Bd3 g6 14.Bh6 Ng7 15.Nce2 Nd7
16.f4 Nc5 17.f5 Nxd3 18.Qxd3 Bxf5 19.Nxf5 Nxf5 20.Bxf8 Bxf8 21.Nf4 Bg7 22.Re2 Qb6+
23.Kh1 Qd4 24.Rf1 Bxe5 25.g4 Nd6 26.Qxd4 Bxd4 27.Re7 Rd8 28.Kg2 Kf8 29.Re2 Kg8
30.Re7 Kf8 31.Re2 Kg8 32.Re7  1/2-1/2

[Event "43rd Open A Bosna 2013"]
[Site "Sarajevo BIH"]
[Date "2013.06.02"]
[Round "3.11"]
[White "Batricevic,S"]
[Black "Kadric,D"]
[Result "0-1"]
[WhiteElo "2252"]
[BlackElo "2460"]

1.e4 d6 2.Nc3 e5 3.d4 Nf6 4.Nf3 Nbd7 5.Bc4 Be7 6.dxe5 dxe5 7.Qe2 O-O 8.O-O c6
9.a4 Qc7 10.a5 Bb4 11.Ng5 Bxc3 12.bxc3 h6 13.f4 Qd6 14.Ba3 c5 15.Rad1 Qe7
16.Nxf7 Rxf7 17.Rxd7 Bxd7 18.fxe5 Qxe5 19.Bxf7+ Kxf7 20.Qc4+ Kg6 21.Rf3 Be6  0-1

[Event "French Top 12 2013"]
[Site "Haguenau FRA"]
[Date "2013.06.03"]
[Round "5.3"]
[White "Zherebukh,Y"]
[Black "Bauer,Ch"]
[Result "1/2-1/2"]
[WhiteElo "2629"]
[BlackElo "2638"]

1.e4 d6 2.d4 Nf6 3.Nc3 e5 4.Nf3 Nbd7 5.Bc4 Be7 6.O-O Nb6 7.Bb3 exd4 8.Nxd4 c5
9.Nde2 c4 10.Ba4+ Nxa4 11.Nxa4 Nxe4 12.Qd4 Nf6 13.Qxc4 O-O 14.Nac3 Be6 15.Qd3 Rc8
16.Rd1 Ng4 17.Bf4 Ne5 18.Qe4 Qb6 19.Nd4 Bf6 20.Qe1 Rfe8 21.Be3 Ng4 22.Nxe6 Nxe3
23.Qxe3 Qxe3 24.fxe3 Rxe6 25.Rd3 Kf8 26.Rf1 Bxc3 27.bxc3 Ke7 28.Rb1 b6 29.Rb4 Re5
30.Rbd4 Rc6 31.Kf2 Rec5 32.Kf3 Rc4 33.h4 h5 34.g3 g6 35.Kf4 R6c5 36.e4 Rxc3
37.Rxd6 Rxd3 38.Rxd3 Rxc2 39.Ra3 a5 40.Rb3 Rc6 41.g4 hxg4 42.Kxg4 Kf6 43.Kf4 Kg7
44.Rb5 Kh6 45.Kg4 Rc4 46.Kf3 Rb4 47.Rd5 Rb2 48.Rd7 Kg7 49.a4 Rb3+ 50.Kf4 Rb4
51.Rd6 Kf8 52.Ke5 Ke7 53.Rc6 Rxa4 54.Rxb6 Rb4 55.Ra6 Rb5+ 56.Kf4 Kf8 57.e5 Rb4+
58.Kg5 a4 59.h5 gxh5 60.Kxh5 Re4 61.Kg5 Rxe5+ 62.Kf4 Rh5  1/2-1/2

[Event "Mitropa Cup Women 2013"]
[Site "Meissen GER"]
[Date "2013.06.03"]
[Round "3.2"]
[White "Mareckova,M"]
[Black "Srebrnic,A"]
[Result "1/2-1/2"]
[WhiteElo "2065"]
[BlackElo "2203"]

1.e4 d6 2.d4 Nf6 3.Nc3 e5 4.Nf3 Nbd7 5.Bc4 Be7 6.O-O O-O 7.a4 c6 8.a5 Rb8
9.Qe2 exd4 10.Nxd4 Ne5 11.Bb3 c5 12.Nf5 Bxf5 13.exf5 Nc6 14.Nd5 Nxd5 15.Bxd5 Bf6
16.a6 Nd4 17.Qd3 b5 18.Be3 Qd7 19.Bxd4 Bxd4 20.c3 Bf6 21.Rad1 Rb6 22.Bb7 b4
23.Rfe1 bxc3 24.bxc3 Rb3 25.Qxd6 Qxd6 26.Rxd6 Bxc3 27.Red1 Bd4 28.g4 Rb2
29.R1xd4 cxd4 30.Rxd4 Rb6 31.Kg2 g6 32.fxg6 hxg6 33.Kg3 Kg7 34.g5 Re8 35.Rd7 Re5
36.h4 Rbe6 37.f3 Re7 38.Rd6 R5e6 39.Rd4 Rb6 40.Rd8  1/2-1/2

[Event "Mitropa Cup Women 2013"]
[Site "Meissen GER"]
[Date "2013.06.03"]
[Round "3.5"]
[White "Novkovic,J"]
[Black "Wozniak,Mari"]
[Result "1/2-1/2"]
[WhiteElo "2132"]
[BlackElo "1983"]

1.e4 d6 2.d4 Nf6 3.Nc3 Nbd7 4.h3 e5 5.Be3 c6 6.g4 h6 7.Nge2 Be7 8.Bg2 O-O
9.O-O Re8 10.Ng3 Nf8 11.dxe5 dxe5 12.Nf5 Qc7 13.Ne2 Ne6 14.Qc1 Bf8 15.Rd1 b6
16.f3 Ba6 17.Bf1 Red8 18.Rxd8 Rxd8 19.Qe1 Bc5 20.Bxc5 Nxc5 21.Rd1 Nh7 22.h4 Rd7
23.Nc3 Bxf1 24.Kxf1 Ne6 25.Rxd7 Qxd7 26.Qd1 Qxd1+ 27.Nxd1 Kf8 28.Nde3 Nf6
29.Nc4 Nd7 30.Kf2 f6 31.Ke3 Ndc5 32.Ncd6 a5 33.Nc4 Nd7 34.c3 Nec5 35.Nfd6 a4
36.Nc8 b5 37.Na5 a3 38.bxa3 Na4 39.Kd2 Ndb6 40.Na7 Nb2 41.N7xc6 N2c4+ 42.Nxc4 bxc4
43.Nb4 Ke7 44.h5 Kd7 45.Nc2 Nc8 46.Ne3 Nd6 47.a4 Kc6 48.Kc2 Kb6 49.Kb2 Ka6
50.Ka3 Ka5 51.Nf5 Ne8 52.Ne7 Nd6 53.Nc6+ Kb6 54.Nd8 Ka5 55.Ne6 Ne8 56.Nc5 Nd6
57.Nb3+ cxb3 58.axb3 Nf7 59.b4+ Ka6 60.c4 Ng5 61.a5 Nxf3 62.Ka4 Nd2 63.b5+ Kb7
64.c5 Nxe4 65.Kb4 Nd2 66.c6+ Kc7 67.Kc3 Nf3 68.Kc4 Nd4 69.Kc5 Ne6+ 70.Kd5 Nf4+
71.Kc5 Nd3+ 72.Kd5 Nb4+ 73.Kc5 Nd3+  1/2-1/2